| 000 | 01076nac a22003011u 4500 | ||
|---|---|---|---|
| 010 | _a 2005031322 | ||
| 020 | _a041597867X (hb) | ||
| 020 | _a0415978688 (pb) | ||
| 020 | _a041579868X | ||
| 020 | _a9780415978675 | ||
| 020 | _a9780415978682 | ||
| 035 | _a(OCoLC)ocm62281573 | ||
| 082 | 0 | 0 |
_a303.483 _bJON |
| 090 |
_c8894 _d8894 |
||
| 100 | _aJones, Steven E. | ||
| 245 | 1 | 0 |
_aAgainst technology : _bfrom the Luddites to Neo-Luddism / _cSteven E. Jones. |
| 260 |
_aNew York : _bRoutledge,2006 _c2006. |
||
| 300 |
_ax, 277 p. : _bill. ; _c23 cm. |
||
| 500 | _adistributer: Baccah | ||
| 504 | _aIncludes bibliographical references (p. 257-265) and index. | ||
| 511 | _acatalogued by: wessam | ||
| 650 | 0 |
_aTechnology _xSocial aspects. |
|
| 650 | 0 | _aTechnology and civilization. | |
| 650 | 0 | _aLuddites. | |
| 856 | 4 | 1 |
_3Table of contents _uhttp://www.loc.gov/catdir/toc/ecip062/2005031322.html |
| 856 | 4 | 1 |
_3Publisher description _uhttp://www.loc.gov/catdir/enhancements/fy0702/2005031322-d.html |
| 942 |
_cBB _k303.483JON |
||
| 999 |
_c8894 _d8894 |
||